Perception of offensive advertising: Cross-cultural peculiarities
V súčasnej dobe zmätok v reklamách týkajúci sa takmer všetkých médií núti inzerentov, aby využívali útočné a provokatívne prvky. Avšak rôzne techniky využívané v tomto druhu reklamy, rovnako ako účinky týchto reklám, neboli dostatočne skúmané, a to najmä pri adaptácii reklamy na svetovom trhu. Vníma...
Salvato in:
| Autore principale: | |
|---|---|
| Altri autori: | |
| Natura: | Capitolo di libro |
| Lingua: | inglese |
| Soggetti: | |
| Tags: |
Nessun Tag, puoi essere il primo ad aggiungerne!!
|
MARC
| LEADER | 00000naa a2200000 4500 | ||
|---|---|---|---|
| 001 | 0221898 | ||
| 005 | 20220722104238.5 | ||
| 041 | 0 | |a eng | |
| 044 | |a SK | ||
| 245 | 1 | 0 | |a Perception of offensive advertising: Cross-cultural peculiarities |c Anastasii Klimin, Dmitrii Tikhonov |
| 520 | |a V súčasnej dobe zmätok v reklamách týkajúci sa takmer všetkých médií núti inzerentov, aby využívali útočné a provokatívne prvky. Avšak rôzne techniky využívané v tomto druhu reklamy, rovnako ako účinky týchto reklám, neboli dostatočne skúmané, a to najmä pri adaptácii reklamy na svetovom trhu. Vnímanie útočnej reklamy sa líši na základe rôznych parametrov: pohlavie, vek, spoločenské triedy, náboženstvo, atď. Dôležitú úlohu vo vnímaní predstavujú hlavne národné a kultúrne tradície a rysy. Komparatívna analýza vnímania útočných reklám u mladých ľudí rôznych národností: ich postoj voči reklame, technikám a značkám. | ||
| 610 | 2 | 0 | |a reklama |
| 610 | 2 | 0 | |a médiá |
| 610 | 2 | 0 | |a inzercia |
| 610 | 2 | 0 | |a analýza komparatívna |
| 610 | 2 | 0 | |a propagácia |
| 610 | 2 | 0 | |a kultúra |
| 100 | 1 | |a Klimin, Anastasii | |
| 700 | 1 | |a Tikhonov, Dmitrii | |